| 000 -ლიდერი |
| ფიქსირებული სიგრძის საკონტროლო ველი |
02012nam a22002777a 4500 |
| 003 - საკონტროლო ნომრის იდენტიფიკატორი |
| საკონტროლო ველი |
Ge_BSU |
| 005 - ბოლო ოპერაციის თარიღი და დრო |
| საკონტროლო ველი |
20200527161934.0 |
| 008 - ფიქსირებული სიგრძის მონაცემთა ელემენტები - ზოგადი ინფორმაცია |
| ფიქსირებული სიგრძის საკონტროლო ველი |
200527s2015 xxu||||| |||| 00| 0 geo d |
| 020 ## - წიგნის საერთაშორისო სტანდარტული ნომერი |
| International Standard Book Number |
9789941134210 |
| 041 ## - ენის კოდი |
| Language code of text/sound track or separate title |
geo |
| 080 ## - უნივერსალური ათობითი კლასიფიკაციის ინდექსი |
| Universal Decimal Classification number |
573.6 : 60 თ-61 |
| 100 ## - მთავარი ჩანაწერი - პიროვნების სახელი |
| Personal name |
თიმენი, უილიამ ჯ. |
| 9 (RLIN) |
8234 |
| 245 ## - ცნობა სათაურის შესახებ |
| Title |
ბიოტექნოლოგიის შესავალი = Introduction to Biotechnology / |
| Statement of responsibility, etc |
უილიამ ჯ. თიმენი ; მაიკლ ა. პალადინო ; რედ. ნანა დვალიშვილი ; მთარგმნელები: ნანა დვალიშვილი, ნინო არჩვაძე ; ნინო ინასარიძე [და სხვ.] |
| 250 ## - გამოცემის ცნობა |
| Edition statement |
მე-2 გამოცემა. |
| 264 ## - წარმოების, გამოცემის, დისტრიბუციის და სხვა ცნობები |
| გამოცემის, წარმოების, დისტრიბუციის... ადგილი |
თბილისი : |
| გამოცემის, წარმოების, დისტრიბუციის... სახელწოდება |
თბილ. უნ-ტის გამ-ბა, |
| გამოცემის, წარმოების, დისტრიბუციის... თარიღი |
2015. |
| 300 ## - ფიზიკური აღწერა |
| Extent |
XIII, [444] გვ. : |
| Other physical details |
სურ. ; |
| Dimensions |
28 სმ. |
| 500 ## - ზოგადი შენიშვნა |
| General note |
საძიებელი: გვ. 441-444 |
| 501 ## - შენიშვნა თანმხლებ მასალაზე |
| With note |
თარგმანი განხორციელდა ევროკავშირის ფინანსური მხარდაჭერით TEMPUS-ის პროექტის JEP-159340 - ”სამაგისტრო პროგრამა გამოყენებით ბიომეცნიერებებში” ფარგლებში. |
| 653 ## - INDEX TERM--UNCONTROLLED |
| Uncontrolled term |
ბიოტექნოლოგია. |
| 653 ## - INDEX TERM--UNCONTROLLED |
| Uncontrolled term |
გამოყენებითი მეცნიერებანი |
| 700 ## - ADDED ENTRY--PERSONAL NAME |
| Personal name |
პალადინო, მაიკლ ა. |
| 9 (RLIN) |
8235 |
| 700 ## - ADDED ENTRY--PERSONAL NAME |
| Personal name |
დვალიშვილი, ნანა |
| Relator term |
ქართული გამოცემის რედაქტორი |
| 9 (RLIN) |
8236 |
| 700 ## - ADDED ENTRY--PERSONAL NAME |
| Personal name |
არჩვაძე,, ნინო |
| Relator term |
მთარგმნელი |
| 9 (RLIN) |
8237 |
| 700 ## - ADDED ENTRY--PERSONAL NAME |
| Personal name |
ინასარიძე, ნინო |
| Relator term |
მთარგმნელი |
| 9 (RLIN) |
8238 |
| 942 ## - ADDED ENTRY ELEMENTS (KOHA) |
| Source of classification or shelving scheme |
|
| Koha item type |
წიგნი |